000 00361 a2200157 4500
001 152041
040 _cEscola São Tomás de Aquino
100 _aJOSÈ, Ganimédes
240 1 0 _aO enigma da casa de vidro
_lpor
245 1 0 _aO enigma da casa de vidro
300 _a94
362 0 _a2005
440 1 _aAtual
697 _a*LITERATURA JUVENIL
942 _cBK
999 _c152041
_d152041